[Event "XIV Miedzynarodowe Mistrzostwa Gdanska "]
[Site "CEN Gdansk"]
[Date "2012.??.??"]
[Round "3.46"]
[White "Zaytseva, Kira"]
[Black "Wyczling, Artur"]
[Result "1/2-1/2"]
[WhiteElo "1643"]
[BlackElo "1499"]
[PlyCount "88"]
[EventDate "2012.??.??"]

1. e4 e6 2. d4 d5 3. e5 c5 4. Qg4 Nc6 5. Nf3 cxd4 6. Bd3 g6 7. O-O Bg7 8. Re1
Nge7 9. h4 Qc7 10. Qf4 h6 11. a3 Bd7 12. b4 a6 13. Nbd2 Na7 14. Bb2 Nb5 15.
Nxd4 Nxd4 16. Bxd4 Nc6 17. Bb2 Na7 18. Nb3 Nb5 19. Qg3 Bc6 20. Re3 Na7 21. Nc5
Qe7 22. Bd4 Nb5 23. c3 Nxd4 24. cxd4 Bb5 25. Rc1 Bxd3 26. Rxd3 O-O 27. Rdc3
Rfc8 28. Nb3 Qd7 29. Qd3 Bf8 30. Qc2 Rxc3 31. Qxc3 b6 32. Qc7 Qxc7 33. Rxc7 a5
34. bxa5 bxa5 35. Nc5 Bxc5 36. Rxc5 Ra7 37. f3 Kg7 38. Kf2 g5 39. hxg5 hxg5 40.
Ke3 a4 41. Rb5 f5 42. Rb4 Ra6 43. f4 Kg6 44. g3 g4 1/2-1/2

[Event "XIV Miedzynarodowe Mistrzostwa Gdanska "]
[Site "Centrum Edukacji Nauczycieli "]
[Date "2012.??.??"]
[Round "4.1"]
[White "Khamitskiy, Sergei"]
[Black "Cyborowski, Lukasz"]
[Result "1/2-1/2"]
[WhiteElo "2290"]
[BlackElo "2555"]
[PlyCount "30"]
[EventDate "2012.??.??"]

1. d4 Nf6 2. c4 e6 3. g3 c5 4. d5 exd5 5. cxd5 d6 6. Nc3 g6 7. Bg2 Bg7 8. Nf3
O-O 9. O-O a6 10. a4 Re8 11. h3 Nbd7 12. Bf4 Qe7 13. Re1 Rb8 14. Rc1 Nh5 15.
Bd2 Ne5 1/2-1/2

[Event "XIV Miedzynarodowe Mistrzostwa Gdanska "]
[Site "Centrum Edukacji Nauczycieli "]
[Date "2012.??.??"]
[Round "4.2"]
[White "Kempinski, Tomasz"]
[Black "Grabarczyk, Miroslaw"]
[Result "1/2-1/2"]
[WhiteElo "2204"]
[BlackElo "2442"]
[PlyCount "43"]
[EventDate "2012.??.??"]

1. e4 e5 2. Nf3 Nc6 3. d4 exd4 4. Nxd4 Nf6 5. Nxc6 bxc6 6. Bd3 d5 7. exd5 cxd5
8. Bb5+ Bd7 9. Bxd7+ Qxd7 10. O-O Be7 11. Nd2 O-O 12. Nf3 Rfe8 13. b3 Ne4 14.
Bb2 Bf6 15. Bxf6 Nxf6 16. Qd3 c5 17. Rad1 a5 18. Rfe1 a4 19. Rxe8+ Rxe8 20. Re1
h6 21. Rxe8+ Qxe8 22. h3 1/2-1/2

[Event "XIV Miedzynarodowe Mistrzostwa Gdanska "]
[Site "Centrum Edukacji Nauczycieli "]
[Date "2012.??.??"]
[Round "4.3"]
[White "Malisauskas, Vidmantas"]
[Black "Kotlowski, Tomasz"]
[Result "1-0"]
[WhiteElo "2460"]
[BlackElo "1995"]
[PlyCount "55"]
[EventDate "2012.??.??"]

1. d4 d5 2. c4 e6 3. Nf3 Nf6 4. Bg5 h6 5. Bh4 g5 6. Bg3 Ne4 7. cxd5 Bb4+ 8.
Nfd2 Qxd5 9. e3 c5 10. dxc5 Nxg3 11. hxg3 Qxc5 12. a3 Ba5 13. b4 Qe5 14. Nc3
Bb6 15. Rc1 Qg7 16. Nc4 Nc6 17. Qd6 f5 18. Nxb6 axb6 19. Nb5 Rh7 20. Be2 g4 21.
Rxc6 bxc6 22. Qxc6+ Kd8 23. Qxa8 Qa1+ 24. Bd1 Rd7 25. Qa4 Ba6 26. O-O Bxb5 27.
Qxb5 Rxd1 28. Qxb6+ 1-0

[Event "XIV Miedzynarodowe Mistrzostwa Gdanska "]
[Site "Centrum Edukacji Nauczycieli "]
[Date "2012.??.??"]
[Round "4.4"]
[White "Strzemiecki, Zbigniew"]
[Black "Marszk, Kazimierz"]
[Result "1-0"]
[WhiteElo "2433"]
[BlackElo "2050"]
[PlyCount "51"]
[EventDate "2012.??.??"]

1. e4 c6 2. d4 d5 3. f3 dxe4 4. fxe4 Nf6 5. e5 Bg4 6. Be2 Bxe2 7. Nxe2 Nd5 8.
c4 Nc7 9. O-O e6 10. Qb3 b6 11. Qf3 Qd7 12. Nbc3 Bb4 13. Ne4 Rf8 14. c5 Nb5 15.
a3 Nxd4 16. Nxd4 Bxc5 17. Be3 Bxd4 18. Nd6+ Kd8 19. Bxd4 f5 20. Rac1 g5 21.
Rfd1 g4 22. Qf4 Qe7 23. Qh6 Kc7 24. Bf2 Rg8 25. Bh4 Qf8 26. Qxh7+ 1-0

[Event "XIV Miedzynarodowe Mistrzostwa Gdanska "]
[Site "Centrum Edukacji Nauczycieli "]
[Date "2012.??.??"]
[Round "4.5"]
[White "Kumala, Aleksander"]
[Black "Piesik, Piotr"]
[Result "0-1"]
[WhiteElo "1974"]
[BlackElo "2226"]
[PlyCount "126"]
[EventDate "2012.??.??"]

1. d4 c5 2. e4 cxd4 3. c3 dxc3 4. Nxc3 Nc6 5. Nf3 d6 6. Bc4 e6 7. O-O Be7 8.
Qe2 a6 9. a4 Nf6 10. Rd1 Qa5 11. Bf4 Ne5 12. Ba2 O-O 13. Rac1 Nxf3+ 14. gxf3
Nh5 15. Be3 Bg5 16. Nd5 Bxe3 17. Qxe3 exd5 18. Rxd5 Qxa4 19. Bb3 Qe8 20. Rxh5
Be6 21. Bd5 f6 22. Bxe6+ Qxe6 23. Rc7 Rf7 24. Rxf7 Qxf7 25. Rd5 Qc7 26. Qd4 Rd8
27. Kg2 Kf8 28. f4 Ke7 29. Rg5 Kf8 30. Rd5 Ke8 31. Kg3 Rd7 32. h4 b5 33. f3 Kd8
34. h5 h6 35. Kg4 Ke7 36. Kf5 Qc8 37. Kg4 Rc7+ 38. Kg3 Rc6 39. Qa7+ Qc7 40. Qa8
Kf7 41. b4 Qb6 42. e5 Qg1+ 43. Kh3 Qf1+ 44. Kg3 Qe1+ 45. Kg4 f5+ 46. Kxf5 Qb1+
47. Kg4 Rc1 48. e6+ Kxe6 49. Qg8+ Kd7 50. Qf7+ Kc6 51. Rc5+ Rxc5 52. bxc5 Qg1+
53. Kf5 Qxc5+ 54. Kg6 b4 55. Kxg7 Qc3+ 56. Kxh6 b3 57. Qe8+ Kc5 58. Qc8+ Kd4
59. Qxc3+ Kxc3 60. f5 b2 61. f6 b1=Q 62. f7 Qf5 63. Kg7 Qg5+ 0-1

[Event "XIV Miedzynarodowe Mistrzostwa Gdanska "]
[Site "Centrum Edukacji Nauczycieli "]
[Date "2012.??.??"]
[Round "4.6"]
[White "Suliborski, Artur"]
[Black "Pioch, Zygmunt"]
[Result "1/2-1/2"]
[WhiteElo "1797"]
[BlackElo "2120"]
[PlyCount "44"]
[EventDate "2012.??.??"]

1. e4 e5 2. f4 exf4 3. Nf3 Ne7 4. d4 d5 5. Nc3 dxe4 6. Nxe4 Nd5 7. Bd3 Be7 8.
c4 Ne3 9. Bxe3 fxe3 10. Qe2 f5 11. Nc3 f4 12. Ne5 g6 13. Qc2 Qxd4 14. Bxg6+ Kf8
15. Nf3 Qf6 16. Bxh7 Bb4 17. O-O Bxc3 18. bxc3 Nc6 19. Qe4 Kg7 20. Nd4 Nxd4 21.
cxd4 Rf8 22. Qd3 Bf5 1/2-1/2

[Event "XIV Miedzynarodowe Mistrzostwa Gdanska "]
[Site "Centrum Edukacji Nauczycieli "]
[Date "2012.??.??"]
[Round "4.7"]
[White "Czarkowski, Tomasz"]
[Black "Kobus, Sebastian"]
[Result "0-1"]
[WhiteElo "1636"]
[BlackElo "2097"]
[PlyCount "66"]
[EventDate "2012.??.??"]

1. d4 d5 2. c4 e6 3. Nc3 Nf6 4. Bg5 Be7 5. Nf3 O-O 6. e3 b6 7. h3 Bb7 8. a3 h6
9. Bf4 Bd6 10. Bxd6 cxd6 11. Qc2 Nbd7 12. cxd5 Nxd5 13. Nxd5 Bxd5 14. Bd3 Rc8
15. Qe2 e5 16. dxe5 dxe5 17. e4 Bb7 18. O-O Nc5 19. Nxe5 Qd4 20. b4 Nxd3 21.
Nxd3 Ba6 22. Rfd1 Rfd8 23. Nf4 Bxe2 24. Rxd4 Rxd4 25. Nxe2 Rxe4 26. Ra2 Rec4
27. Kf1 Rc2 28. Ra1 Rd2 29. a4 Rcc2 30. Re1 Ra2 31. a5 bxa5 32. bxa5 Rxa5 33.
Nc3 Rd6 0-1

[Event "XIV Miedzynarodowe Mistrzostwa Gdanska "]
[Site "Centrum Edukacji Nauczycieli "]
[Date "2012.??.??"]
[Round "4.9"]
[White "Gorniewicz, Oskar"]
[Black "Janczarski, Michal"]
[Result "0-1"]
[WhiteElo "1961"]
[BlackElo "2357"]
[PlyCount "86"]
[EventDate "2012.??.??"]

1. d4 Nf6 2. c4 g6 3. Nc3 d5 4. cxd5 Nxd5 5. Na4 Bg7 6. e4 Nb6 7. Be3 O-O 8.
Nf3 Bg4 9. Nc5 Qc8 10. h3 Bxf3 11. Qxf3 N8d7 12. Nb3 a5 13. Be2 a4 14. Nd2 a3
15. b3 e5 16. d5 Nxd5 17. O-O Nxe3 18. Qxe3 Nb8 19. Rac1 Nc6 20. Nc4 Qe6 21.
Rfe1 Qe7 22. Qc3 Nb4 23. Ra1 Qc5 24. Rec1 Rfd8 25. Qf3 Bh6 26. Rc3 Qe7 27. h4
b5 28. Ne3 Bxe3 29. Qxe3 c6 30. h5 g5 31. Rc5 Rd4 32. Qc3 Rad8 33. Bf3 R8d6 34.
Qe3 Rd3 35. Qe1 Rd2 36. Kh2 Nc2 37. Rxc2 Rxc2 38. Qb4 Rd7 39. Qe1 h6 40. Bg4
Rdd2 41. Rc1 Rxf2 42. Rxc2 Rxc2 43. b4 Qf6 0-1

[Event "XIV Miedzynarodowe Mistrzostwa Gdanska "]
[Site "Centrum Edukacji Nauczycieli "]
[Date "2012.??.??"]
[Round "4.10"]
[White "Zolnierowicz, Krzysztof"]
[Black "Wrzesinski, Pawel"]
[Result "1-0"]
[WhiteElo "2226"]
[BlackElo "1960"]
[PlyCount "61"]
[EventDate "2012.??.??"]

1. e4 e6 2. d4 d5 3. exd5 exd5 4. c4 Bb4+ 5. Nc3 Qe7+ 6. Be3 Bxc3+ 7. bxc3 Nf6
8. h3 Bf5 9. Nf3 O-O 10. Be2 Nc6 11. O-O Ne4 12. Qc1 dxc4 13. Bxc4 Nd6 14. Bg5
Qd7 15. Be2 f6 16. Bf4 Rfe8 17. Re1 Re7 18. d5 Na5 19. c4 Rae8 20. Bf1 Rxe1 21.
Nxe1 b6 22. c5 Ne4 23. cxb6 cxb6 24. Qc7 Qxd5 25. Be3 Qf7 26. Rc1 g5 27. Nf3
Rc8 28. Qxc8+ Bxc8 29. Rxc8+ Kg7 30. Nd4 Nd6 31. Rc7 1-0

[Event "XIV Miedzynarodowe Mistrzostwa Gdanska "]
[Site "Centrum Edukacji Nauczycieli "]
[Date "2012.??.??"]
[Round "4.11"]
[White "Rybak, Tomasz"]
[Black "Keely, Leo A"]
[Result "1/2-1/2"]
[WhiteElo "2221"]
[BlackElo "1949"]
[PlyCount "74"]
[EventDate "2012.??.??"]

1. c4 g6 2. Nf3 Bg7 3. g3 d6 4. Bg2 Nf6 5. Nc3 O-O 6. O-O c6 7. d4 Qa5 8. e4 e5
9. h3 Be6 10. d5 cxd5 11. cxd5 Bd7 12. a3 Rc8 13. Be3 Qd8 14. Qb3 b6 15. Nd2
Na6 16. Qd1 Rc7 17. Rc1 Rac8 18. Ndb1 Nh5 19. b4 Qf8 20. Qd2 f5 21. exf5 Bxf5
22. Nb5 Rc2 23. Rxc2 Rxc2 24. Qd1 Nc7 25. Nxa7 Bh6 26. g4 Bxe3 27. fxe3 Qh6 28.
Qe1 Bd3 29. gxh5 Bxf1 30. Kxf1 Qxh5 31. Nd2 Qg5 32. Nc6 Nb5 33. h4 Qg4 34. Bf3
Qh3+ 35. Bg2 Qg4 36. Bf3 Qh3+ 37. Bg2 Qg4 1/2-1/2

[Event "XIV Miedzynarodowe Mistrzostwa Gdanska "]
[Site "Centrum Edukacji Nauczycieli "]
[Date "2012.??.??"]
[Round "4.13"]
[White "Zielinski, Wojciech"]
[Black "Dzikowski, Michal"]
[Result "1/2-1/2"]
[WhiteElo "2122"]
[BlackElo "1857"]
[PlyCount "71"]
[EventDate "2012.??.??"]

1. e4 c6 2. d4 d5 3. f3 e6 4. g3 Be7 5. Be3 b6 6. Nd2 Ba6 7. Bxa6 Nxa6 8. Qe2
Nc7 9. e5 Bg5 10. Bxg5 Qxg5 11. f4 Qe7 12. Ngf3 g6 13. O-O Nh6 14. Kg2 Nf5 15.
c3 h6 16. Rfe1 c5 17. Nf1 Rb8 18. Rac1 c4 19. Ne3 h5 20. Nxf5 gxf5 21. Rb1 Rc8
22. h4 Qd7 23. Ng5 a5 24. Rec1 Qa4 25. b3 Qc6 26. a4 Ra8 27. Rb2 Kf8 28. Rcb1
Kg7 29. Kh2 Ra6 30. b4 axb4 31. Rxb4 Na8 32. Qa2 Rc8 33. Qa3 Rc7 34. Rb5 Rca7
35. a5 Qd7 36. Qb4 1/2-1/2

[Event "XIV Miedzynarodowe Mistrzostwa Gdanska "]
[Site "Centrum Edukacji Nauczycieli "]
[Date "2012.??.??"]
[Round "4.14"]
[White "Olejarczyk, Bogdan"]
[Black "Bobryk, Konrad"]
[Result "1-0"]
[WhiteElo "2117"]
[BlackElo "1558"]
[PlyCount "73"]
[EventDate "2012.??.??"]

1. d4 Nf6 2. Nf3 e6 3. Bf4 b6 4. e3 Bb7 5. h3 d5 6. Nbd2 Bd6 7. Ne5 O-O 8. Bd3
Nbd7 9. O-O Ne4 10. Nxd7 Qxd7 11. Nf3 f6 12. c3 Kh8 13. Qc2 g5 14. Bxd6 Qxd6
15. Bxe4 dxe4 16. Nd2 f5 17. Nc4 Qe7 18. Ne5 Rg8 19. g3 h5 20. c4 Raf8 21. Qc3
Kh7 22. Rad1 h4 23. Kg2 hxg3 24. fxg3 f4 25. d5 f3+ 26. Kf2 exd5 27. cxd5 Rf5
28. Ng4 Rd8 29. h4 Kg6 30. d6 Rxd6 31. Qh8 Qg7 32. Rxd6+ cxd6 33. h5+ Kf7 34.
Nh6+ Kf6 35. Qxg7+ Kxg7 36. Nxf5+ Kf6 37. Nxd6 1-0

[Event "XIV Miedzynarodowe Mistrzostwa Gdanska "]
[Site "Centrum Edukacji Nauczycieli "]
[Date "2012.??.??"]
[Round "4.15"]
[White "Zielinski, Maciej"]
[Black "Moszczenski, Milosz"]
[Result "1/2-1/2"]
[WhiteElo "2096"]
[BlackElo "1718"]
[PlyCount "76"]
[EventDate "2012.??.??"]

1. e4 c6 2. d4 d5 3. f3 e6 4. Nc3 b6 5. Bf4 Bb4 6. a3 Bxc3+ 7. bxc3 Ba6 8. Bxa6
Nxa6 9. Qd3 Nc7 10. Ne2 Ne7 11. c4 Qc8 12. O-O Ng6 13. cxd5 exd5 14. Bxc7 Qxc7
15. exd5 cxd5 16. Nc3 Ne7 17. Nxd5 Nxd5 18. Qe4+ Qe7 19. Qxd5 O-O 20. Qe4 Qc7
21. Qd3 Rac8 22. Rac1 Qc3 23. Rfd1 Rfd8 24. a4 Qb4 25. c4 Qxa4 26. d5 Qb4 27.
h3 Qc5+ 28. Kh2 Rd6 29. Re1 Rg6 30. Qe3 Qd6+ 31. Kh1 h6 32. f4 Qb4 33. Qe4 a5
34. Kh2 a4 35. Qf5 Rd8 36. Qd3 Rc8 37. Qf5 Rd8 38. Qd3 Rc8 1/2-1/2

[Event "XIV Miedzynarodowe Mistrzostwa Gdanska "]
[Site "Centrum Edukacji Nauczycieli "]
[Date "2012.??.??"]
[Round "4.17"]
[White "Stovring, Claus"]
[Black "Frej, Zofia"]
[Result "1-0"]
[WhiteElo "2013"]
[BlackElo "1545"]
[PlyCount "69"]
[EventDate "2012.??.??"]

1. e4 c5 2. Nf3 Nc6 3. Bb5 Nf6 4. Nc3 e5 5. O-O d6 6. Re1 Be7 7. Nd5 O-O 8. c3
a6 9. Bf1 Be6 10. Nxe7+ Qxe7 11. d3 h6 12. Qe2 Rfd8 13. Nh4 Qd7 14. h3 b5 15.
Qf3 d5 16. Bxh6 dxe4 17. dxe4 gxh6 18. Qxf6 Kh7 19. Qf3 Qe7 20. Nf5 Qf6 21.
Red1 Bxf5 22. exf5 c4 23. b3 cxb3 24. axb3 Ne7 25. Bd3 Rac8 26. Be4 Rd6 27.
Rxd6 Qxd6 28. Bb7 Rc7 29. Rxa6 Qc5 30. Qh5 Nc6 31. Rxc6 Rxc6 32. Bxc6 Qxc6 33.
Qxf7+ Kh8 34. f6 Qe4 35. Qg7# 1-0

[Event "XIV Miedzynarodowe Mistrzostwa Gdanska "]
[Site "Centrum Edukacji Nauczycieli "]
[Date "2012.??.??"]
[Round "4.18"]
[White "Vakhitov, Dmitri"]
[Black "Ulanowski, Karol"]
[Result "0-1"]
[WhiteElo "1643"]
[BlackElo "1987"]
[PlyCount "52"]
[EventDate "2012.??.??"]

1. d4 Nf6 2. c4 g6 3. Nc3 Bg7 4. g3 O-O 5. Bg2 d6 6. Nf3 Nc6 7. O-O a6 8. e4
Bg4 9. Be3 Re8 10. h3 Bxf3 11. Bxf3 e5 12. d5 Nd4 13. Bg2 Rb8 14. b4 Nd7 15. f4
c5 16. bxc5 dxc5 17. Rb1 exf4 18. gxf4 Nf5 19. Qd3 Nxe3 20. Rfe1 Nxg2 21. Kxg2
Qh4 22. Ne2 b5 23. cxb5 axb5 24. Rxb5 Qxe1 25. Ng3 Bd4 26. h4 Qf2+ 0-1

[Event "XIV Miedzynarodowe Mistrzostwa Gdanska "]
[Site "Centrum Edukacji Nauczycieli "]
[Date "2012.??.??"]
[Round "4.19"]
[White "Bugalski, Michal"]
[Black "Sieklucki, Adam"]
[Result "1-0"]
[WhiteElo "2193"]
[BlackElo "1847"]
[PlyCount "49"]
[EventDate "2012.??.??"]

1. e4 e5 2. f4 Bc5 3. Nf3 d6 4. Bc4 Nf6 5. c3 Nc6 6. d4 exd4 7. cxd4 Bb4+ 8.
Nc3 Bxc3+ 9. bxc3 Nxe4 10. O-O O-O 11. d5 Ne7 12. Bd3 Nf6 13. c4 Bf5 14. Bb2
Qd7 15. Bxf6 gxf6 16. Nd4 Bxd3 17. Qxd3 Ng6 18. Nf5 Kh8 19. Rab1 b6 20. Ng3 Qg4
21. Qc3 Nh4 22. Qxf6+ Kg8 23. Rb3 Rfe8 24. h3 Qg7 25. Qxh4 1-0

[Event "XIV Miedzynarodowe Mistrzostwa Gdanska "]
[Site "Centrum Edukacji Nauczycieli "]
[Date "2012.??.??"]
[Round "4.20"]
[White "Szczepaniec, Stanislaw"]
[Black "Pofelski, Andrzej"]
[Result "1-0"]
[WhiteElo "2059"]
[BlackElo "1842"]
[PlyCount "67"]
[EventDate "2012.??.??"]

1. c4 Nf6 2. Nc3 e6 3. e4 Bb4 4. e5 Bxc3 5. bxc3 Ne4 6. Qg4 Nxf2 7. Kxf2 O-O 8.
d4 f6 9. Nf3 fxe5 10. dxe5 Nc6 11. Qe4 Qe7 12. Bd3 g6 13. h4 d5 14. exd6 Qxd6
15. Bh6 Rf7 16. Rad1 e5 17. Qd5 Qxd5 18. cxd5 Ne7 19. Rhe1 Bf5 20. Bc4 Bc2 21.
d6 cxd6 22. Bxf7+ Kxf7 23. Rxd6 e4 24. Ne5+ Kg8 25. g4 Nc6 26. Nxc6 bxc6 27.
Rxc6 Bd3 28. Rc7 a5 29. h5 Ra6 30. Rg7+ Kh8 31. Rf7 Ra8 32. hxg6 e3+ 33. Rxe3
Bxg6 34. Rc7 1-0

[Event "XIV Miedzynarodowe Mistrzostwa Gdanska "]
[Site "Centrum Edukacji Nauczycieli "]
[Date "2012.??.??"]
[Round "4.21"]
[White "Janik, Igor"]
[Black "Grajczak, Adrian"]
[Result "1/2-1/2"]
[WhiteElo "1767"]
[BlackElo "1999"]
[PlyCount "88"]
[EventDate "2012.??.??"]

1. e4 d6 2. d4 Nf6 3. Nc3 e5 4. dxe5 dxe5 5. Qxd8+ Kxd8 6. Bg5 Be6 7. O-O-O+
Nbd7 8. f4 exf4 9. Nf3 Kc8 10. Bxf4 Bb4 11. Nd5 Bxd5 12. exd5 Ng4 13. Bg3 Ndf6
14. c3 Bc5 15. b4 Be3+ 16. Kb2 Ne4 17. Re1 f5 18. Bc4 f4 19. Bh4 h6 20. d6 Kd7
21. h3 Nxd6 22. Rd1 Nf6 23. Ne5+ Ke8 24. Rxd6 cxd6 25. Bb5+ Ke7 26. Ng6+ Ke6
27. Nxh8 g5 28. Ng6 gxh4 29. Nxh4 Rg8 30. Re1 Ne4 31. Bd3 Ke5 32. Nf3+ Kf5 33.
g4+ fxg3 34. Rxe3 Kf4 35. Rxe4+ Kxf3 36. Re6 d5 37. Rf6+ Ke3 38. Bf1 g2 39.
Bxg2 Rxg2+ 40. Kb3 Rg3 41. Rxh6 Kd2 42. Rh7 b5 43. Rd7 Rxc3+ 44. Kb2 Rc2+
1/2-1/2

[Event "XIV Miedzynarodowe Mistrzostwa Gdanska "]
[Site "Centrum Edukacji Nauczycieli "]
[Date "2012.??.??"]
[Round "4.22"]
[White "Pastuszko, Kinga"]
[Black "Grota, Mateusz"]
[Result "1-0"]
[WhiteElo "1958"]
[BlackElo "1815"]
[PlyCount "41"]
[EventDate "2012.??.??"]

1. e4 e5 2. Nf3 Nc6 3. Bc4 Nf6 4. d4 exd4 5. e5 d5 6. Bb5 Ne4 7. Nxd4 Bd7 8.
Bxc6 bxc6 9. O-O Bc5 10. Be3 O-O 11. f3 Ng5 12. f4 Ne4 13. Nd2 Nxd2 14. Qxd2 f6
15. Nb3 Bb6 16. Nc5 Qe7 17. Qc3 Rfe8 18. Bd4 fxe5 19. fxe5 Bxc5 20. Bxc5 Qxe5
21. Rf8+ 1-0

[Event "XIV Miedzynarodowe Mistrzostwa Gdanska "]
[Site "Centrum Edukacji Nauczycieli "]
[Date "2012.??.??"]
[Round "4.23"]
[White "Pham, Juliusz"]
[Black "Ciszewski, Marek"]
[Result "1-0"]
[WhiteElo "1714"]
[BlackElo "1953"]
[PlyCount "73"]
[EventDate "2012.??.??"]

1. e4 e5 2. Nf3 Nc6 3. Nc3 Nf6 4. d4 Bb4 5. Nxe5 Nxe4 6. Qf3 Nd6 7. Nxc6 dxc6
8. Bd3 Qe7+ 9. Be3 Be6 10. O-O O-O 11. Ne2 f5 12. Nf4 Bf7 13. c3 Ba5 14. Rfe1
Bb6 15. d5 Qd7 16. dxc6 bxc6 17. b3 Rae8 18. Rad1 Bxe3 19. Rxe3 Rxe3 20. Qxe3
Ne4 21. Bc2 Qe8 22. Bxe4 Qxe4 23. Qxe4 fxe4 24. g3 g5 25. Ng2 Bh5 26. Rd4 c5
27. Rd5 h6 28. Ne3 c6 29. Rd6 Bf3 30. h3 a5 31. g4 a4 32. Rxh6 Kg7 33. Rxc6
axb3 34. Rxc5 Ra8 35. Rxg5+ Kh6 36. Rh5+ Kg6 37. axb3 1-0

[Event "XIV Miedzynarodowe Mistrzostwa Gdanska "]
[Site "Centrum Edukacji Nauczycieli "]
[Date "2012.??.??"]
[Round "4.24"]
[White "Wicikowska, Agata"]
[Black "Walkusz, Miroslaw"]
[Result "0-1"]
[WhiteElo "1487"]
[BlackElo "1938"]
[PlyCount "170"]
[EventDate "2012.??.??"]

1. e4 c5 2. d3 e6 3. g3 d5 4. Nd2 Nf6 5. Bg2 Be7 6. f4 Nc6 7. e5 Nd7 8. Ngf3
Qc7 9. O-O b6 10. c3 Ba6 11. Nb3 c4 12. dxc4 Bxc4 13. Re1 Nc5 14. Bf1 Bxf1 15.
Kxf1 Ne4 16. Be3 h5 17. Nfd2 Nc5 18. h3 Nd3 19. Re2 Nxb2 20. Qc2 Nc4 21. Nxc4
dxc4 22. Nd4 Nxd4 23. Bxd4 Qc6 24. Kf2 Bc5 25. Rd2 O-O 26. a4 a6 27. Rad1 Rfc8
28. g4 hxg4 29. hxg4 g6 30. f5 exf5 31. gxf5 Re8 32. Re2 Rad8 33. Re3 Bxd4 34.
cxd4 gxf5 35. Rg3+ Kf8 36. Qxf5 Qd5 37. Qf4 Qc6 38. Rdg1 Ke7 39. Rg7 Rf8 40.
Ke3 Qe6 41. R1g6 Qh3+ 42. Rg3 Qh5 43. Qf6+ Ke8 44. Qc6+ Rd7 45. Qxb6 Qf5 46.
Qb8+ Rd8 47. Qb2 Qd3+ 48. Kf2 Qxd4+ 49. Qxd4 Rxd4 50. Rc3 Ke7 51. Ke3 Rfd8 52.
Ke2 Rd2+ 53. Ke1 Rd1+ 54. Ke2 R8d2+ 55. Ke3 Rd3+ 56. Rxd3 Rxd3+ 57. Ke4 Ra3 58.
Rh7 Rxa4 59. Kd4 c3+ 60. Kxc3 Re4 61. Rh6 a5 62. Rh5 Ke6 63. Rh6+ Kxe5 64. Ra6
a4 65. Kd3 f5 66. Ra5+ Kf4 67. Kd2 Rd4+ 68. Ke2 Rb4 69. Kd3 Rb3+ 70. Kc2 Rb4
71. Kc3 Re4 72. Kd2 Rd4+ 73. Ke2 Ke4 74. Rb5 f4 75. Rb2 f3+ 76. Kf2 a3 77. Rc2
Ra4 78. Ra2 Kf4 79. Kg1 Ke3 80. Kf1 Kd3 81. Rf2 a2 82. Rxf3+ Ke4 83. Kf2 a1=Q
84. Re3+ Kf5 85. Re2 Ra2 0-1

[Event "XIV Miedzynarodowe Mistrzostwa Gdanska "]
[Site "Centrum Edukacji Nauczycieli "]
[Date "2012.??.??"]
[Round "4.25"]
[White "Cybulski, Ryszard"]
[Black "Zhuk, Ivan"]
[Result "1-0"]
[WhiteElo "1925"]
[BlackElo "1642"]
[PlyCount "55"]
[EventDate "2012.??.??"]

1. e4 e6 2. d4 d5 3. Nc3 Bb4 4. e5 c5 5. a3 Bxc3+ 6. bxc3 Ne7 7. Bb5+ Bd7 8.
Bxd7+ Nxd7 9. Ne2 Nf5 10. O-O O-O 11. Bf4 Rc8 12. Qd2 Qa5 13. Rfc1 Rc6 14. Qd3
Rfc8 15. Bd2 Qa4 16. g4 Nh4 17. f4 Ng6 18. f5 exf5 19. gxf5 Nh4 20. Qh3 Qc4 21.
Re1 Nxe5 22. dxe5 Qe4 23. Nd4 Nf3+ 24. Nxf3 Qxc2 25. Rac1 Qa4 26. f6 gxf6 27.
exf6 Kh8 28. Ng5 1-0

[Event "XIV Miedzynarodowe Mistrzostwa Gdanska "]
[Site "Centrum Edukacji Nauczycieli "]
[Date "2012.??.??"]
[Round "4.26"]
[White "Zhuk, Ilya"]
[Black "Wyczling, Bartosz"]
[Result "1/2-1/2"]
[WhiteElo "1904"]
[BlackElo "1591"]
[PlyCount "63"]
[EventDate "2012.??.??"]

1. e4 c5 2. c3 d5 3. exd5 Qxd5 4. d4 g6 5. dxc5 Qxc5 6. Be3 Qc7 7. Nf3 Bg7 8.
Be2 Nh6 9. O-O Nf5 10. Qc1 Nxe3 11. Qxe3 O-O 12. Na3 a6 13. Nc4 Nc6 14. Qb6
Qxb6 15. Nxb6 Rb8 16. Nd2 Be6 17. Bc4 Bxc4 18. Ndxc4 Rbd8 19. Rad1 Rxd1 20.
Rxd1 Rd8 21. Rxd8+ Nxd8 22. f4 Nc6 23. Kf2 Kf8 24. Ke3 Ke8 25. Kd3 Kd8 26. b4
Bh6 27. g3 Bg7 28. a4 h6 29. b5 axb5 30. axb5 Na7 31. Na3 Nc8 32. Nd5 1/2-1/2

[Event "XIV Miedzynarodowe Mistrzostwa Gdanska "]
[Site "Centrum Edukacji Nauczycieli "]
[Date "2012.??.??"]
[Round "4.27"]
[White "Grabowski, Jan"]
[Black "Tarajkiewicz, Krzysztof"]
[Result "1/2-1/2"]
[WhiteElo "1886"]
[BlackElo "1574"]
[PlyCount "51"]
[EventDate "2012.??.??"]

1. d4 g6 2. c4 Bg7 3. Nc3 d6 4. Nf3 a6 5. g3 Nf6 6. Bg2 O-O 7. O-O Nbd7 8. b3
c5 9. Bb2 Rb8 10. Qc2 b5 11. cxb5 axb5 12. dxc5 Nxc5 13. Nd4 Bd7 14. b4 Ne6 15.
Nb3 Qb6 16. Na5 Nd4 17. Qd3 Nc6 18. Nxc6 Bxc6 19. Bxc6 Qxc6 20. Rfc1 Qb7 21.
Nd1 Rfc8 22. Rxc8+ Rxc8 23. Nc3 Nd7 24. Rb1 Bxc3 25. Bxc3 Qc6 26. Rb3 1/2-1/2

[Event "XIV Miedzynarodowe Mistrzostwa Gdanska "]
[Site "Centrum Edukacji Nauczycieli "]
[Date "2012.??.??"]
[Round "4.29"]
[White "Piankov, Evgenij"]
[Black "Czerwinski, Bogumil"]
[Result "1-0"]
[WhiteElo "2338"]
[BlackElo "1739"]
[PlyCount "63"]
[EventDate "2012.??.??"]

1. d4 Nf6 2. Nf3 d5 3. c4 dxc4 4. e3 e6 5. Bxc4 Nc6 6. O-O Bd6 7. Nc3 O-O 8. e4
e5 9. d5 Ne7 10. Re1 Bg4 11. h3 Bh5 12. Bg5 Nc8 13. Rc1 a6 14. Be2 Re8 15. Qb3
Nb6 16. Nd2 Bg6 17. a4 Rb8 18. Bf3 Be7 19. Be3 c5 20. a5 Nbd7 21. Nc4 Qc7 22.
Qa3 Rec8 23. Rcd1 Bd6 24. Bg5 Rf8 25. Na4 h6 26. Bxf6 gxf6 27. Bg4 h5 28. Bxd7
Qxd7 29. Nxd6 Qxd6 30. Qxc5 Qd8 31. Nb6 Re8 32. d6 1-0

[Event "XIV Miedzynarodowe Mistrzostwa Gdanska "]
[Site "Centrum Edukacji Nauczycieli "]
[Date "2012.??.??"]
[Round "4.30"]
[White "Smalara, Kazimierz"]
[Black "Zwara, Szymon"]
[Result "1/2-1/2"]
[WhiteElo "1951"]
[BlackElo "1737"]
[PlyCount "91"]
[EventDate "2012.??.??"]

1. d4 Nf6 2. c4 g6 3. d5 Bg7 4. Nc3 O-O 5. e4 d6 6. f3 Nbd7 7. Nge2 Ne5 8. Nd4
c5 9. Nb3 a6 10. Bg5 Rb8 11. Qd2 Ne8 12. Be2 Nc7 13. f4 Nd7 14. O-O b5 15. Kh1
bxc4 16. Bxc4 Nb5 17. Qd3 Nd4 18. Nxd4 Bxd4 19. Rab1 Nb6 20. Ne2 Nxc4 21. Nxd4
Nxb2 22. Qc2 cxd4 23. Rxb2 Rxb2 24. Qxb2 f6 25. Bh6 Re8 26. Qxd4 e5 27. fxe5
fxe5 28. Qa7 Qd7 29. Qf2 Qe7 30. h3 Bb7 31. Kh2 Bc8 32. h4 Bg4 33. Qg3 Qd7 34.
Rf6 Bh5 35. Qf2 Qd8 36. Bg5 Rf8 37. Rxf8+ Qxf8 38. Qa7 Be2 39. Qe3 Bb5 40. Bh6
Qe7 41. Bg5 Qf8 42. Qh3 h6 43. Be3 Kg7 44. h5 g5 45. Kg3 Qf7 46. Kh2 1/2-1/2

[Event "XIV Miedzynarodowe Mistrzostwa Gdanska "]
[Site "Centrum Edukacji Nauczycieli "]
[Date "2012.??.??"]
[Round "4.31"]
[White "Cichocka, Urszula"]
[Black "Les, Czeslaw"]
[Result "1-0"]
[WhiteElo "1723"]
[BlackElo "1915"]
[PlyCount "67"]
[EventDate "2012.??.??"]

1. e4 d5 2. exd5 Nf6 3. d4 Qxd5 4. Nc3 Qa5 5. Nf3 Ne4 6. Bd2 Nxd2 7. Qxd2 e6 8.
Bd3 Bb4 9. Ne5 Nd7 10. Nc4 Qh5 11. Qf4 Nf6 12. Qxc7 O-O 13. O-O Bxc3 14. bxc3
Nd5 15. Qa5 b6 16. Qa3 f5 17. Rfe1 Bd7 18. Ne5 Be8 19. Be2 Qh6 20. c4 Nf4 21.
Bf3 Rd8 22. Qxa7 Qg5 23. Qxb6 Bh5 24. h4 Qxh4 25. Bxh5 Qxh5 26. Nd3 Ne2+ 27.
Rxe2 Qxe2 28. Re1 Qxc2 29. Qxe6+ Kh8 30. Ne5 Qd2 31. Nf7+ Rxf7 32. Re2 Qd1+ 33.
Re1 Qh5 34. Qe8+ 1-0